Pastorale della Chiesa universale in un ambiente di reti di comunicazione mondiali (La) (Record n. 45783)
[ formato base ]
| 000 -LEADER | |
|---|---|
| fixed length control field | 01101nam a2200301Ia 4500 |
| 001 - CONTROL NUMBER | |
| control field | 76978 |
| 003 - CONTROL NUMBER IDENTIFIER | |
| control field | IT-RoPAU |
| 008 - FIXED-LENGTH DATA ELEMENTS--GENERAL INFORMATION | |
| fixed length control field | 130308s9999 xx 000 0 und d |
| 040 ## - CATALOGING SOURCE | |
| Original cataloging agency | IT-RoPAU |
| 040 ## - CATALOGING SOURCE | |
| Transcribing agency | IT-RoPAU |
| 041 ## - LANGUAGE CODE | |
| Language code of text/sound track or separate title | ITALIANO |
| 999 ## - SYSTEM CONTROL NUMBERS (KOHA) | |
| Koha Dewey Subclass [OBSOLETE] | SI |
| 100 ## - MAIN ENTRY--PERSONAL NAME | |
| Personal name | Pastore Pierfranco |
| 100 ## - MAIN ENTRY--PERSONAL NAME | |
| Miscellaneous information | Codice Aut. SPICS: 22904 |
| 245 ## - TITLE STATEMENT | |
| Title | Pastorale della Chiesa universale in un ambiente di reti di comunicazione mondiali (La) |
| 245 ## - TITLE STATEMENT | |
| Remainder of title | Domanda di Educazione e nuove tecnologie della Comunicazione |
| 250 ## - EDITION STATEMENT | |
| Edition statement | 1a ed. |
| 260 ## - PUBLICATION, DISTRIBUTION, ETC. (IMPRINT) | |
| Place of publication, distribution, etc. | ROMA |
| 260 ## - PUBLICATION, DISTRIBUTION, ETC. (IMPRINT) | |
| Name of publisher, distributor, etc. | Las |
| 260 ## - PUBLICATION, DISTRIBUTION, ETC. (IMPRINT) | |
| Date of publication, distribution, etc. | 1987 [1° Ed.:1987 - Ed.Ling.Originale:1987] |
| 300 ## - PHYSICAL DESCRIPTION | |
| Extent | "16 p. (prefazione: no ; testo: 16 [pagine: 159-174])" |
| 500 ## - GENERAL NOTE | |
| General note | Comunicazione planetaria Segno dei Tempi Rapporto Uomo e Comunicazione Esigenza di una Programmazione centrata sull'uomo Cultura della Comunicazione Verso la Cultura del consumo Comunicativo Coscienza di un impegno Pastorale Irrimandabile |
| 650 ## - SUBJECT ADDED ENTRY--TOPICAL TERM | |
| Topical term or geographic name as entry element | EDUCAZIONE ALLA COMUNICAZIONE SOCIALE |
| 650 ## - SUBJECT ADDED ENTRY--TOPICAL TERM | |
| Relator term | Codice materia Spics: 3812 |
| 942 ## - ADDED ENTRY ELEMENTS (KOHA) | |
| Koha item type | LIBRO |
| 957 ## - | |
| -- | 1 |
| 999 ## - SYSTEM CONTROL NUMBERS (KOHA) | |
| -- | 2 |
| Withdrawn status | Lost status | Damaged status | Not for loan | Home library | Current library | Date acquired | Total Checkouts | Full call number | Date last seen | Price effective from | Koha item type | Public note |
|---|---|---|---|---|---|---|---|---|---|---|---|---|
| Buone Condizioni | Not For Loan | SPICS-MEDIATECA | SPICS-MEDIATECA | 08/03/2013 | 76978 | 08/03/2013 | 08/03/2013 | LIBRO | Progressivo inserimento: 17756 / N. Volumi: 0 [=Contributo] Copie: 2 Copia Rara: SI / data import: 1 marzo 2013 - By Epidotti, Trombetti, Vaglietti. |